000
00259nam a22001217a 4500
082
_a
8222
_b
SHA/T
100
_a
SHAKESPEARE
245
_a
TWELFTH NIGHT
260
_a
NEW DELHI
_b
S.CHAND & COMPANY LTD.
300
_a
73
650
_a
PLAY
_z
NEW DELHI
942
_c
BK
999
_c
3515
_d
3515